Nghiên cứu đặc điểm sinh trưởng và hình thái của con lai giữa cá tra (Pangasius hypophthalmus) và ba sa (Pangasius bocourti) giai đoạn nuôi thịt : Báo cáo khoa học đề tài cấp trường

Đề tài so sánh đặc điểm hình thái của con lai giữa cá tra và cá ba sa với 2 loài bố mẹ, tốc độtăng trưởng, tỷ lệ mỡ và tỷ lệ thịt của 4 nhóm cá.

Gespeichert in:
Bibliographische Detailangaben
1. Verfasser: Dương, Thúy Yên
Format: Buch
Sprache:Undetermined
Veröffentlicht: Cần Thơ Trường Đại học Cần Thơ 2005
Schlagworte:
Tags: Tag hinzufügen
Keine Tags, Fügen Sie den ersten Tag hinzu!
Thư viện lưu trữ: Trung tâm Học liệu Trường Đại học Cần Thơ
LEADER 01067nam a2200205Ia 4500
001 CTU_161637
008 210402s9999 xx 000 0 und d
082 |a 639.31 
082 |b Y254 
100 |a Dương, Thúy Yên 
245 0 |a Nghiên cứu đặc điểm sinh trưởng và hình thái của con lai giữa cá tra (Pangasius hypophthalmus) và ba sa (Pangasius bocourti) giai đoạn nuôi thịt : 
245 0 |b Báo cáo khoa học đề tài cấp trường 
245 0 |c Dương Thúy Yên (Chủ nhiệm đề tài) 
260 |a Cần Thơ 
260 |b Trường Đại học Cần Thơ 
260 |c 2005 
520 |a Đề tài so sánh đặc điểm hình thái của con lai giữa cá tra và cá ba sa với 2 loài bố mẹ, tốc độtăng trưởng, tỷ lệ mỡ và tỷ lệ thịt của 4 nhóm cá. 
650 |a Freshwater fishes,Cá nước ngọt 
904 |i Trọng Hải 
980 |a Trung tâm Học liệu Trường Đại học Cần Thơ